Arte y Política 2005-2015: proyectos curatoriales, textos críticos y documentación de obras
Salvato in:
| Autore principale: | |
|---|---|
| Natura: | Libro |
| Lingua: | spagnolo |
| Pubblicazione: |
Santiago
Metales Pesados
2018
|
| Edizione: | 1a. ed |
| Soggetti: | |
| Tags: |
Aggiungi Tag
Nessun Tag, puoi essere il primo ad aggiungerne!!
|
MARC
| LEADER | 00000cam a2200000 a 4500 | ||
|---|---|---|---|
| 001 | UCC4707 | ||
| 003 | CL-VaPUC | ||
| 008 | 180824e20180000cl |||||||||||||||||spa|d | ||
| 020 | |a 9789569843280 | ||
| 082 | 0 | 4 | |a 709 |b RIC |2 21 |
| 100 | 0 | |a Richard, Nelly |e author |9 598895 | |
| 245 | 1 | 0 | |a Arte y Política 2005-2015: proyectos curatoriales, textos críticos y documentación de obras |
| 250 | |a 1a. ed | ||
| 300 | |a 343 p | ||
| 942 | |c BK | ||
| 945 | |d 20180824 13:39:00 |a dcastane | ||
| 260 | |a Santiago |b Metales Pesados |c 2018 | ||
| 650 | 0 | |a Arte y sociedad |9 306277 | |
| 650 | 0 | |a Política y cultura |9 563267 | |
| 583 | |a last modification |c 20180824 13:39:00 |k Rodrigo Vera | ||
| 999 | |c 372125 |d 372123 | ||
| 952 | |0 0 |1 0 |2 ddc |3 erb |4 0 |6 709_000000000000000_RIC_2018 |7 0 |8 R |9 489391 |a BIBART |b BIBART |i 5490936 |l 4 |o 709 RIC 2018 |p 5490936 |r 2025-03-13 |s 2022-10-13 |w 2019-11-24 |y BK_R |z Catalogado en:20180824 |k ART | ||
| 952 | |0 0 |1 0 |2 ddc |3 erb |4 0 |6 709_000000000000000_RIC_2018 |7 0 |8 R |9 489392 |a BIBART |b BIBART |i 5504112 |o 709 RIC 2018 |p 5504112 |r 2025-03-13 |w 2019-11-24 |y BK_R |z Catalogado en:20180927 |k ART | ||